Central Library OPAC University of Rajshahi

মফিজন / (Record no. 48858)

MARC details
000 -LEADER
fixed length control field 00744nam a2200229 a 4500
001 - CONTROL NUMBER
control field 48858
003 - CONTROL NUMBER IDENTIFIER
rucl marc code BD-RjUL
005 - DATE AND TIME OF LATEST TRANSACTION
control field 20211209054610.0
008 - FIXED-LENGTH DATA ELEMENTS--GENERAL INFORMATION
fixed length control field 160816s1964 bg ||||| |||| 00| j ben d
020 ## - INTERNATIONAL STANDARD BOOK NUMBER
Terms of availability : Tk. 3.00
035 ## - SYSTEM CONTROL NUMBER
System control number (BD-RjUL) 48977
040 ## - CATALOGING SOURCE
Original cataloging agency BD-RjUL
Language of cataloging ben
Transcribing agency BD-RjUL
041 ## - LANGUAGE CODE
Language code of text/sound track or separate title ben
082 ## - DEWEY DECIMAL CLASSIFICATION NUMBER
Edition number 23
Classification number 891.443
Author mark and year ALM 1964
100 1# - MAIN ENTRY--PERSONAL NAME
Personal name আলম, মাহবুবউল
9 (RLIN) 147242
245 10 - TITLE STATEMENT
Title মফিজন /
Statement of responsibility, etc. মাহবুবউল আলম
260 ## - PUBLICATION, DISTRIBUTION, ETC. (IMPRINT)
Place of publication, distribution, etc. চট্টগ্রাম :
Name of publisher, distributor, etc. মাহবুবউল আলম,
Date of publication, distribution, etc. ১৯৬৪
300 ## - PHYSICAL DESCRIPTION
Pagination ৪২ পৃ. ;
Size ২১ সেমি.
650 ## - SUBJECT ADDED ENTRY--TOPICAL TERM
Topical term or geographic name as entry element বাংলা উপন্যাস
9 (RLIN) 147243
Topical term or geographic name as entry element Bengali Fiction
9 (RLIN) 147244
942 ## - ADDED ENTRY ELEMENTS (KOHA)
Source of classification or shelving scheme Dewey Decimal Classification
Koha item type Books
Holdings
Lost status Source of classification or shelving scheme Damaged status Not for loan Collection code Permanent Location Current Location Shelving location Date acquired Source of acquisition Cost, normal purchase price Total Checkouts Full call number Date last seen Copy number Koha item type
  Dewey Decimal Classification     Fiction Central Library, University of Rajshahi Central Library, University of Rajshahi   25/04/1977 Eureca Book Agency, Dhaka 3.00   B 891.443 ALM 1964 16/08/2016 C-2 Books
  Dewey Decimal Classification     Fiction Central Library, University of Rajshahi Central Library, University of Rajshahi   25/04/1977 Eureca Book Agency, Dhaka 3.00   B 891.443 ALM 1964 16/08/2016 C-3 Books